01378aas a2200241 4500952009000000999001700090001001000107003001000117005001700127008004100144022001400185040004100199041000800240100002700248242009500275245009300370300006100463520043700524546002200961650003800983773010701021942000801128 001040708HEMaFUSBCbFUSBCd2016-01-26l0o r2016-01-26 00:00:00w2016-01-26yANA c53780d53780768714001CO-MdFUSB20171114110816.0170804s1997 xxu||||| |||| 00| 0 eng d a0098-9444 aCO-MdFUSBbspacCO-MdFUSBdCO-MdFUSB aspa1 aPixner, Bargileautor 13aLa entrada de esenio de Jerusalén : bDonde la comunidad vivió en el tiempo de Jesús10aJerusalem's essene gateway : bWhere the community lived in Jesus' timec/ Bargil Pixner aVolumen 23. Número 3 (1997), páginas 23-31c: 28 cm.1 aA los esenios, una oscura secta judía que enfatizaba la pureza, a menudo se les atribuye haber dejado atrás la biblioteca de Pergaminos Muertos hallada en las cuevas cercanas a Qumran. Pero la teoría dice que Qumran fue simplemente su retiro en el desierto. Otros Esenios vivieron en Jerusalén. ¿pero donde? Las excavadoras en el Monte Sion afirman haber descubierto el vecindario aislado que los esenios llamaban su hogar. aTexto en inglés 79403aExcavaciones arqueológicas0 tBiblical Archaeology Review049395959490gVolumen 23. Número 3 (1997), páginas 23-31qPágina 23 cANA